000 00936nam a2200241 a 4500
001 000003502
005 20200929150450.0
008 090709s2007 pr 001 e spa d
020 _a097708101X
040 _aDO-SdBNP
_bspa
_cBNPHU
082 _aH864.5
_bA488L
100 1 _aAlmenas, Egberto,
_d1954-
_910876
245 1 0 _aLecturas minuteras :
_bJosé Martí y otras instancias de la modernidad literaria en nuestra América /
_cEgberto Almenas.
260 _aSanturce, Puerto Rico :
_bELF Creative Workshop,
_c2007.
300 _a196 p. ;
_c23 cm.
504 _aIncluye bibliografía y notas al pie de página.
504 _aBibliografía: p.181-196.
600 1 4 _aMARTI, JOSÉ,
_d1853-1898,
_xCRÍTICA E INTERPRETACIÓN
_910877
650 4 _aModernismo (literatura)
_9834
650 4 _aLiteratura hispanoamericana
_xHistoria y crítica
_96273
650 4 _aEnsayos puertorriqueños
_98892
910 _aValidado. Control de calidad EMS
999 _c3329
_d3329